000 01450cam a2200157 4500500
005 20260426025241.0
041 _afre
042 _adc
100 1 0 _aVergnioux, Alain
_eauthor
245 0 0 _aRéseaux philanthropinistes et pédagogie au XVIIIe siècle, Loïc Chalmel, Berne, Peter Lang (Exploration, Éducation, Histoire et pensée), 2004.
260 _c2005.
500 _a59
520 _aRésumé Résumé : L’article veut répondre à la question de la violence en Algérie à partir du problème de l’identité. En quoi et par quelles médiations les questions de l’identité nationale et de la violence sont-elles liées ? Vouloir cerner le problème de l’identité algérienne en termes d’appartenance et d’altérité ne peut suffire, mais l’approche historique est complexe, de l’occupation romaine et turque au colonialisme français, et dans les différents registres des discours politiques pendant et après la guerre d’indépendance (le sol, la langue, la religion). Corollairement, la violence prend des formes diversifiées, qui n’ont ni la même origine ni la même signification. L’auteur suggère en conclusion que la violence se nourrit de la défaillance de la sphère juridique et de la légitimité de l’État.
786 0 _nLe Télémaque | 27 | 1 | 2005-03-01 | p. 133a-138a | 1263-588X
856 4 1 _uhttps://shs.cairn.info/revue-le-telemaque-2005-1-page-133a?lang=fr&redirect-ssocas=7080
999 _c2227047
_d2227047